[Event "Tourn. n8458"]
[Site "www.chess-mail.com"]
[Date "2016.01.08"]
[Round "1"]
[White "Dulap"]
[Black "Ditto"]
[WhiteElo "1619"]
[BlackElo "1810"]
[Result "1-0"]
[Round "1"]
1.e4 e5
2.Ng1f3 Nb8c6
3.Bf1c4 Ng8f6
4.Nf3g5 d5
5.exd5 Nc6d4
6.d6 Qd8xd6
7.Bc4xf7 Kd8
8.Bf7b3 Qd6c6
9.O-O Bc8g4
10.f3 Bg4f5
11.Nb1c3 Bf5g6
12.d3 Bf8c5
13.Kh1 Kd7
14.Rf1e1 Ra8e8
15.Bc1e3 Nd4xb3
16.axb3 Bc5xe3
17.Re1xe3 Kc8
18.Ra1xa7 Qc6b6
19.Ra7a8 Kd7
20.Ra8xe8 Rh8xe8
21.Re3e1 Qb6b4
22.Nc3e4 Nf6xe4
23.Ng5xe4 Qb4d4
24.c3 Qd4b6
25.b4 Bg6f7
26.Ne4g5 Bf7g6
27.Qd1a4 c6
28.Ng5e4 Kc7
29.h3 h5
30.Ne4c5 Bg6f7
31.c4 Bf7g6
32.Nc5e4 Qb6d4
33.b5 Qd4xd3
34.bxc6 bxc6
35.Qa4a7 Kd8
36.Qa7xg7 Bg6xe4
37.fxe4 Qd3xc4
38.Re1a1 Re8e7
39.Ra1a8 Kd7
{ time. }
1-0

[Event "Match"]
[Site "www.echecsemail.com"]
[Date "2016.01.08"]
[Round "1"]
[White "Tonino1"]
[Black "Billyg"]
[WhiteElo "1990"]
[BlackElo "1690"]
[Result "1-0"]
[Round "1"]
1.d4 e6
2.Ng1f3 Bf8e7
3.e3 d5
4.Bf1d3 Be7d6
5.b3 a6
6.Bc1b2 Ng8h6
7.Nb1d2 O-O
8.O-O Nh6g4
9.h3 Ng4f6
10.Nf3e5 Nf6d7
11.f4 Nd7xe5
12.fxe5 Bd6b4
13.c3 Bb4a5
14.Bd3xh7 Kxh7
15.Qd1h5 Kg8
16.Rf1f4 Nb8d7
17.Rf4h4 f6
18.Qh5h7 Kf7
19.Ra1f1 Rf8h8
20.Qh7xh8 Qd8xh8
21.Rh4xh8 Ke7
22.Bb2a3 Kf7
23.b4 Ba5b6
24.Nd2f3 Ke7
25.b5 c5
26.exf6 gxf6
27.Rh8h7 Kd6
28.Rh7h8 axb5
29.dxc5 Bb6xc5
30.Ba3xc5 Nd7xc5
31.Nf3d4 Kd7
32.Rf1xf6 Ra8a6
33.Rf6f7 Kd6
34.Rh8xc8 Ke5
35.Rc8xc5 Ra6xa2
36.e4 Kxe4
37.Nd4xe6 Ra2a1
38.Kh2 Ke5
39.Ne6d4 Kd6
40.Rc5xb5 Ra1c1
41.Rf7f6 Ke5
42.Rf6e6 Kf4
43.Nd4e2 Kf5
44.Ne2xc1 { resign }
1-0

[Event "Match"]
[Site "www.echecsemail.com"]
[Date "2016.01.08"]
[Round "1"]
[White "Calponas"]
[Black "Juodivarnai"]
[WhiteElo "2100"]
[BlackElo "2160"]
[Result "0-1"]
[Round "1"]
1.e4 c5
2.Ng1f3 d6
3.d4 cxd4
4.Nf3xd4 Ng8f6
5.Nb1c3 a6
6.g3 e5
7.Nd4b3 Bf8e7
8.Bf1g2 b5
9.O-O O-O
10.Bc1g5 Bc8b7
11.Bg5xf6 Be7xf6
12.a4 b4
13.Nc3d5 Bb7xd5
14.Qd1xd5 Nb8d7
15.Qd5xd6 Bf6e7
16.Qd6d2 Qd8c7
17.Rf1d1 Nd7f6
18.Qd2e2 Rf8c8
19.Rd1d2 a5
20.Bg2h3 Rc8d8
21.Ra1d1 Rd8xd2
22.Rd1xd2 Qc7c6
23.Bh3g2 Qc6xa4
24.f4 Nf6d7
25.Qe2d1 Nd7b6
26.fxe5 Nb6c4
27.Rd2d7 Be7f8
28.e6 fxe6
29.Bg2h3 Qa4c6
30.Qd1d4 a4
31.Rd7c7 Qc6xc7
32.Bh3xe6 Kh8
33.Qd4xc4 Qc7xc4
34.Be6xc4 axb3
{ resign }
0-1

[Event "Match"]
[Site "www.echecsemail.com"]
[Date "2016.01.08"]
[Round "1"]
[White "Hardland"]
[Black "Cardiff"]
[WhiteElo "1770"]
[BlackElo "1940"]
[Result "0-1"]
[Round "1"]
1.c4 g6
2.Ng1f3 Bf8g7
3.Nb1c3 e5
4.g3 c5
5.Bf1g2 d6
6.O-O Ng8e7
7.d3 Nb8c6
 { time }
0-1

[Event "Match"]
[Site "www.echecsemail.com"]
[Date "2016.01.08"]
[Round "1"]
[White "Mdesouza"]
[Black "Tonino1"]
[WhiteElo "2170"]
[BlackElo "1990"]
[Result "1-0"]
[Round "1"]
1.e4 c5
2.c3 d5
3.exd5 Qd8xd5
4.d4 cxd4
5.cxd4 e5
6.Ng1f3 Nb8c6
7.Nb1c3 Bf8b4
8.dxe5 Bb4xc3
9.bxc3 Qd5xd1
10.Kxd1 Bc8g4
11.Bf1e2 O-O-O
12.Kc2 Bg4xf3
13.Be2xf3 Nc6xe5
14.Bf3e2 Ng8e7
15.Bc1e3 Kb8
16.f4 Ne7f5
17.Be3f2 h5
18.fxe5 g6
19.Ra1b1 Rh8e8
20.Be2f3 b6
21.Rh1e1 Nf5g7
22.Rb1d1 Rd8c8
23.Rd1d7 Rc8c7
24.Re1d1 Re8c8
25.Rd7xc7 Rc8xc7
26.Rd1d8 Rc7c8
27.Rd8xc8 Kxc8
28.Bf3d5 Ng7e6
29.Bd5xe6 { resign }
1-0

[Event "Match"]
[Site "www.echecsemail.com"]
[Date "2016.01.08"]
[Round "1"]
[White "Billyg"]
[Black "Coraza8091"]
[WhiteElo "1690"]
[BlackElo "1710"]
[Result "1-0"]
[Round "1"]
1.e4 e5
2.Ng1f3 Nb8c6
3.d4 exd4
4.Nf3xd4 Qd8f6
5.Bc1e3 Bf8c5
6.c3 Ng8e7
7.Nd4b5 Bc5d6
8.Nb1d2 a6
9.Nb5d4 Bd6e5
10.Nd4xc6 bxc6
11.Nd2c4 Ra8b8
12.Ra1b1 O-O
13.Nc4xe5 Qf6xe5
14.Qd1d3 d5
15.exd5 Bc8f5
16.Qd3d1 Bf5xb1
17.Qd1xb1 Ne7xd5
18.Bf1e2  { time }
1-0

[Event "Match"]
[Site "www.echecsemail.com"]
[Date "2016.01.08"]
[Round "1"]
[White "Vinvangogh"]
[Black "Dulap"]
[WhiteElo "1560"]
[BlackElo "1930"]
[Result "0-1"]
[Round "1"]
1.e4 e5
2.Nb1c3 Ng8f6
3.Ng1f3 Nb8c6
4.Bf1b5 d6
5.d4 exd4
6.Nf3xd4 Bc8d7
7.Qd1f3 Nc6e5
8.Bb5xd7 Qd8xd7
9.O-O Ne5xf3
10.gxf3 Bf8e7
11.Bc1g5 O-O
12.Ra1d1 h6
13.Bg5f4 Qd7h3
14.Nc3e2 c5
15.Nd4f5 Be7d8
16.Ne2g3 Bd8c7
17.Rd1d5 Nf6xd5
18.exd5 g5
19.Bf4e3 f6
20.f4 Ra8e8
21.Rf1e1 Rf8f7
22.fxg5 fxg5
23.f4 Rf7xf5
24.Ng3xf5 Qh3xf5
25.fxg5 Qf5g4
26.Kf2 Re8f8
27.Be3f4 Qg4xf4
28.Ke2 Rf8e8
29.Kd1 Qf4f3
30.Kd2 Qf3f2
31.Kd1 Re8xe1
{ resign }
0-1

[Event "Match"]
[Site "www.echecsemail.com"]
[Date "2016.01.08"]
[Round "1"]
[White "Pablincho"]
[Black "Ztornad"]
[WhiteElo "1880"]
[BlackElo "1730"]
[Result "0-1"]
[Round "1"]
1.e4 e5
2.Ng1f3 d6
3.Nb1c3 g6
4.d4 Bf8h6
5.d5 Bh6xc1
6.Ra1xc1 Ng8f6
7.Bf1c4 Bc8d7
8.a4 a5
9.O-O Nf6h5
 { time }
0-1

[Event "Match"]
[Site "www.echecsemail.com"]
[Date "2016.01.08"]
[Round "1"]
[White "Darknight"]
[Black "Orae"]
[WhiteElo "1620"]
[BlackElo "1800"]
[Result "1-0"]
[Round "1"]
1.e4 e5
2.Bf1c4 Ng8f6
3.d3 Bf8b4
4.c3 Bb4c5
5.h3 c6
6.Ng1f3 d5
7.exd5 cxd5
8.Bc4b3 Nb8c6
9.Bb3a4 Qd8b6
10.O-O O-O
11.Ba4b3 Bc8e6
12.g4 Ra8d8
13.Qd1e1 d4
14.c4 Bc5b4
15.Bc1d2  { time }
1-0

[Event "Match"]
[Site "www.echecsemail.com"]
[Date "2016.01.08"]
[Round "1"]
[White "Pinehill"]
[Black "Hardland"]
[WhiteElo "2110"]
[BlackElo "1770"]
[Result "1-0"]
[Round "1"]
1.e4 c5
2.Ng1f3 Nb8c6
3.d4 cxd4
4.Nf3xd4 e5
5.Nd4b5 Ng8f6
6.Nb1c3 Bf8b4
7.Nb5d6 Bb4xd6
8.Qd1xd6 Qd8e7
9.Qd6xe7 Nc6xe7
10.Bc1g5 h6
11.Bg5xf6 gxf6
12.Bf1c4 Ne7c6
13.O-O-O Rh8g8
14.g3 a6
15.Rd1d6 Ke7
16.Rh1d1  { time }
1-0

[Event "Match"]
[Site "www.echecsemail.com"]
[Date "2016.01.08"]
[Round "1"]
[White "Mitja"]
[Black "Guidom"]
[WhiteElo "1910"]
[BlackElo "2090"]
[Result "0-1"]
[Round "1"]
1.d4 d5
2.e3 c6
3.h3 Bc8f5
4.c3 Ng8f6
5.Ng1e2 e6
6.Ne2g3 Bf5g6
7.Bf1d3 Bf8d6
8.Bd3xg6 hxg6
9.Qd1b3 Qd8b6
10.Qb3c2 Nb8d7
11.Nb1d2 O-O-O
12.Nd2b3 e5
13.dxe5 Nd7xe5
14.Bc1d2 Ne5c4
15.Ng3e2 Nc4xd2
16.Qc2xd2 Nf6e4
17.Qd2c2 Rd8e8
18.Nb3d2 Ne4xf2
19.Kxf2 Qb6xe3
20.Kf1 Qe3xe2
21.Kg1 Bd6g3
22.Ra1f1 Qe2e3
{ resign }
0-1

[Event "Match"]
[Site "www.echecsemail.com"]
[Date "2016.01.08"]
[Round "1"]
[White "Germancho95"]
[Black "Hurtadofredy"]
[WhiteElo "1550"]
[BlackElo "1580"]
[Result "0-1"]
[Round "1"]
1.e4 h5
2.Ng1f3 d6
3.Bf1b5 c6
4.Bb5a4 e5
5.h3 f6
6.O-O g5
7.Qd1e1 Bc8e6
8.d3 g4
9.hxg4 hxg4
10.Nf3h2 f5
11.f3 Qd8h4
12.g3 Qh4xh2
 { time }
0-1

[Event "Match"]
[Site "www.echecsemail.com"]
[Date "2016.01.08"]
[Round "1"]
[White "Ccheregi"]
[Black "Ebegame"]
[WhiteElo "1499"]
[BlackElo "1499"]
[Result "1-0"]
[Round "1"]
1.d4 d5
2.Nb1c3 c6
3.e4 dxe4
4.Bc1e3 Ng8f6
5.Bf1c4 b5
6.Bc4b3 Bc8g4
7.f3 Bg4h5
8.d5 Nf6xd5
9.Nc3xd5 e6
10.Nd5f4 Bh5g6
11.Qd1xd8 Kxd8
12.O-O-O  { time }
1-0

[Event "Match"]
[Site "www.echecsemail.com"]
[Date "2016.01.08"]
[Round "1"]
[White "Caspito"]
[Black "Tonino1"]
[WhiteElo "1790"]
[BlackElo "2040"]
[Result "0-1"]
[Round "1"]
1.e4 c5
2.c3 d5
3.e5 e6
4.d4 Nb8c6
5.Bc1f4 Qd8b6
6.b3 cxd4
7.Qd1f3 dxc3
8.Nb1xc3 Bf8b4
9.a3 Bb4xc3
10.Qf3xc3 Qb6d4
11.Qc3xd4 Nc6xd4
12.Ra1c1 Nd4xb3
13.Rc1c7 Ng8e7
14.Bf1b5 Kd8
15.Rc7c3 Nb3a5
16.Ng1f3 a6
17.Bb5a4 b5
18.Ba4c2 Bc8b7
19.Nf3g5 Ke8
20.O-O Ne7g6
21.Bc2xg6 hxg6
22.Rc3c7 Rh8f8
23.h4 Bb7c8
24.Rf1c1 Na5c4
25.Rc1c3 Bc8d7
26.g4 Ra8c8
27.Rc7a7 f6
28.exf6 gxf6
29.Ng5f3 e5
30.Bf4c1 Bd7xg4
31.Ra7xa6 d4
32.Rc3b3 Rf8f7
33.Kg2 Rc8c5
34.Nf3h2 Bg4f5
35.Kg3 Bf5c8
36.Ra6a8 Nc4b6
37.Ra8b8 Nb6a4
38.Bc1d2 Rf7b7
39.Rb8a8 Na4c3
40.Nh2g4 Nc3e4
41.Kf3 Ne4xd2
{ resign }
0-1

[Event "Eq:Slap Shot Mates-Los Tercios : "]
[Site "www.chess-mail.com"]
[Date "2016.01.08"]
[Round "1"]
[White "Manolinex"]
[Black "Julianlore"]
[WhiteElo "2850"]
[BlackElo "2610"]
[Result "1/2-1/2"]
[Round "1"]
1.d4 Ng8f6
2.Ng1f3 e6
3.c4 Bf8b4
4.Nb1d2 b6
5.a3 Bb4xd2
6.Qd1xd2 Bc8b7
7.e3 O-O
8.b4 a5
9.b5 c5
10.Bf1d3 cxd4
11.exd4 d6
12.Qd2d1 Nb8d7
13.O-O e5
14.Nf3h4 g6
15.Rf1e1 Ra8c8
16.Bd3f1 e4
17.d5 Nf6xd5
18.Nh4xg6 fxg6
19.cxd5 Rf8xf2
20.Qd1d4 Rf2f5
21.Re1xe4 Nd7c5
22.Bc1h6 Qd8f6
23.Qd4xf6 Rf5xf6
24.Re4f4 Rf6xf4
25.Bh6xf4 Nc5e4
26.Bf4e3 Ne4c5
27.Ra1d1 Rc8f8
28.Be3h6 Rf8e8
29.Bh6f4 Nc5e4
30.Rd1d4 Kf7
31.h3 Ne4c3
32.Bf4xd6 Bb7xd5
33.Bd6g3 Re8c8
34.Rd4h4 Kg8
35.Bf1d3 Bd5b3
36.Bg3f2 Nc3a4
37.Kh2 Rc8c1
38.Bf2d4 Na4c5
39.Bd3e2 Bb3d5
40.Bd4g1 Rc1c2
41.Be2f1 Bd5e6
42.Rh4f4 Nc5d7
43.Rf4f3 Be6d5
44.Rf3f2 Rc2c3
45.Rf2d2 Bd5e6
46.Rd2d3 Rc3c1
47.Bf1e2 Kf7
48.Bg1f2 Rc1c2
49.Rd3f3 Kg8
50.Rf3e3 Kf7
51.Bf2h4 Rc2c5
52.Bh4d8 Rc5c8
53.Bd8g5 Rc8c2
54.Be2f1 Rc2c5
55.Bg5f4 Rc5f5
56.Re3f3 Ke7
57.g4 Rf5c5
58.Kg1 Nd7f6
59.Bf1d3 Nf6d7
60.Rf3e3 Nd7f6
61.Bf4h6 Nf6d7
62.Kg2 Nd7f6
63.Kg3 Kf7
64.a4 Be6b3
65.Bd3b1 Bb3d5
66.Kh4 Rc5c4
{ draw }
1/2-1/2

[Event "Eq:chibcha-Los Tercios : "]
[Site "www.chess-mail.com"]
[Date "2016.01.08"]
[Round "1"]
[White "Pablincho"]
[Black "Goosebumps"]
[WhiteElo "1880"]
[BlackElo "2150"]
[Result "0-1"]
[Round "1"]
1.e4 c5
2.Ng1f3 d6
3.Nb1c3 a6
4.d4 cxd4
5.Nf3xd4 g6
6.f4 Bf8g7
7.Bf1c4 Ng8f6
8.O-O b5
9.Bc4b3 Bc8b7
10.Qd1d3 O-O
11.f5 Kh8
 { time }
0-1

[Event "Eq:chibcha-Los Tercios : "]
[Site "www.chess-mail.com"]
[Date "2016.01.08"]
[Round "1"]
[White "Goosebumps"]
[Black "Pablincho"]
[WhiteElo "2150"]
[BlackElo "1880"]
[Result "1-0"]
[Round "1"]
1.e4 e6
2.d4 d5
3.Nb1d2 c5
4.dxc5 Bf8xc5
5.Bf1d3 Ng8f6
6.exd5 Nf6xd5
7.Ng1e2 O-O
8.O-O Nb8c6
9.Nd2f3 e5
10.Bd3e4 Nc6e7
11.Nf3xe5  { time }
1-0

[Event "Eq:Team USA-Royal chess : "]
[Site "www.chess-mail.com"]
[Date "2016.01.08"]
[Round "1"]
[White "Uji40"]
[Black "Krystek23"]
[WhiteElo "1950"]
[BlackElo "2140"]
[Result "0-1"]
[Round "1"]
1.e4 c5
2.Ng1f3 e6
3.d4 cxd4
4.Nf3xd4 Nb8c6
5.Nd4xc6 bxc6
6.Bc1d2 Qd8c7
7.Nb1c3 Ng8f6
8.Bf1e2 Bf8e7
9.O-O d6
10.h3 Bc8b7
11.f4 O-O
12.Bd2e1 c5
13.b3 Nf6xe4
14.Nc3b5 Qc7c6
15.a4 a6
16.Nb5c3 Ne4xc3
17.Be1xc3 Qc6xg2

0-1

[Event "Fast Game"]
[Site "www.echecsemail.com"]
[Date "2016.01.08"]
[Round "1"]
[White "Cal"]
[Black "Hennie4820"]
[WhiteElo "1709"]
[BlackElo "1610"]
[Result "0-1"]
[Round "1"]
1.c4 Ng8f6
2.Nb1c3 g6
3.e4 d6
4.h3 Bf8g7
5.d3 O-O
6.Ng1f3 Nb8d7
7.Bc1g5 h6
8.Bg5xf6 Nd7xf6
9.Bf1e2 e5
10.b4 Bc8e6
11.O-O c6
12.Nf3h2 Nf6d7
13.f4 exf4
14.Rf1xf4 Qd8b6
15.d4 Qb6xb4
16.Qd1d2 Qb4a5
17.Ra1c1 h5
18.Qd2e3 Bg7h6
19.d5 cxd5
20.cxd5 Be6xh3
21.gxh3 Ra8c8
22.Qe3g3 Bh6xf4
23.Qg3xf4 Rc8xc3
24.Rc1f1 Nd7e5
25.Qf4f6 Rc3xh3
26.Qf6xd6 Qa5c3
27.Rf1f2 Qc3e1
28.Be2f1 Rh3g3
29.Rf2g2 Ne5f3
30.Nh2xf3 Rg3xf3
31.Kh2 Qe1xf1
32.Qd6e7 Rf3f2
33.Qe7g5 Rf2xg2
34.Qg5xg2 Qf1xg2
35.Kxg2 f6
36.Kg3 g5
37.Kf3 Rf8e8
38.a4 b6
39.d6 Re8d8
40.e5 fxe5
41.Ke4 Rd8xd6
42.Kxe5 Rd6c6
43.Kf5 Rc6c5
{ resign }
0-1

[Event "Fast Game"]
[Site "www.echecsemail.com"]
[Date "2016.01.08"]
[Round "1"]
[White "Attatroll"]
[Black "Duff"]
[WhiteElo "1720"]
[BlackElo "1629"]
[Result "1-0"]
[Round "1"]
1.d4 Ng8f6
2.c4 e6
3.Nb1c3 Bf8b4
4.f3 d5
5.e4 dxe4
6.fxe4 Nf6xe4
7.Qd1c2 Qd8xd4
8.Ng1f3 Bb4xc3
9.bxc3 Qd4xc3
10.Qc2xc3 Ne4xc3
11.Bc1b2 Nc3e4
12.Bb2xg7 Rh8g8
13.Bg7e5 c6
14.g3 Nb8d7
15.Be5d4 c5
16.Bd4e3 Nd7f6
17.Bf1d3 b6
18.O-O-O Bc8b7
19.Rh1f1 O-O-O
20.Nf3e5 Ne4c3
21.Rd1d2 Nc3e4
22.Bd3xe4 Nf6xe4
23.Rd2xd8 Rg8xd8
24.Rf1xf7 { resign }
1-0

[Event "Tourn. n8491"]
[Site "www.chess-mail.com"]
[Date "2016.01.09"]
[Round "1"]
[White "Wwgia"]
[Black "Luban"]
[WhiteElo "2230"]
[BlackElo "2030"]
[Result "1/2-1/2"]
[Round "1"]
1.d4 d5
2.c4 e6
3.Nb1c3 Ng8f6
4.Ng1f3 a6
5.c5 c6
6.Bc1g5 Bf8e7
7.e3 Nf6e4
8.Bg5f4 Ne4xc3
9.bxc3 O-O
10.Bf1d3 Nb8d7
11.O-O b6
12.cxb6 Nd7xb6
13.Ra1b1 Nb6d7
14.Nf3e5 Nd7xe5
15.Bf4xe5 Be7f6
16.Be5g3 Qd8a5
17.Qd1c2 g6
18.Bg3d6 Rf8e8
19.c4 dxc4
20.Qc2xc4 Bc8d7
21.Rb1b7 Bd7c8
22.Rb7b4 Qa5d5
23.Bd6c5 Bc8d7
24.Qc4xd5 cxd5
25.Rf1b1 Bf6e7
26.Bc5xe7 Re8xe7
27.Rb4b7 Kf8
28.Rb7c7 Bd7b5
29.Rc7xe7 Kxe7
30.Bd3xb5 { draw }
1/2-1/2

[Event "Tourn. n8484"]
[Site "www.chess-mail.com"]
[Date "2016.01.09"]
[Round "1"]
[White "Silent1"]
[Black "Iko"]
[WhiteElo "1780"]
[BlackElo "1700"]
[Result "1-0"]
[Round "1"]
1.d4 d5
2.c4 Nb8c6
3.e3 Ng8f6
4.Ng1f3 e6
5.Bf1d3 Bf8b4
6.Bc1d2 a5
7.Bd2xb4 Nc6xb4
8.Nb1c3 O-O
9.cxd5 exd5
10.O-O Bc8d7
11.a3 Nb4xd3
12.Qd1xd3 Ra8a6
13.Nf3e5 Ra6b6
14.Ne5xd7 Qd8xd7
15.Ra1b1 g6
16.h3 Rf8e8
17.Qd3d1 Nf6e4
18.Nc3xe4 dxe4
19.Qd1d2 a4
20.Rf1c1 Re8e6
21.Rc1c3 Qd7d5
22.Rc3xc7 Re6c6
23.Rc7xc6 Rb6xc6
24.Rb1c1 Qd5a2
25.Rc1xc6 bxc6
26.Qd2c3 Qa2b1
27.Kh2 Qb1f1
28.Qc3xc6 Qf1xf2
29.Qc6e8 Kg7
30.Qe8e5 f6
31.Qe5xe4 Qf2xb2
32.Qe4e7 Kh6
33.Qe7xf6 Qb2xa3
34.Qf6f4 g5
35.Qf4f6 Kh5
36.g4 Kh4
37.Qf6h6 
1-0

[Event "Tourn. n8556"]
[Site "www.chess-mail.com"]
[Date "2016.01.09"]
[Round "1"]
[White "Karpawn"]
[Black "Orhany24"]
[WhiteElo "2079"]
[BlackElo "2030"]
[Result "1-0"]
[Round "1"]
1.e4 e5
2.Nb1c3 f5
3.exf5 Ng8f6
4.g4 h6
5.Bf1g2 d5
6.Ng1f3 Bf8d6
7.Nf3h4 c6
8.Nh4g6 Rh8g8
9.f4 e4
10.d3 Kf7
11.dxe4 dxe4
12.Qd1e2 Rg8e8
13.Qe2c4 Bc8e6
14.fxe6 Kxg6
15.Bg2xe4 Nf6xe4
16.Qc4xe4 Kf6
17.Qe4f5 { resign }
1-0

[Event "Tourn. n8530"]
[Site "www.chess-mail.com"]
[Date "2016.01.09"]
[Round "1"]
[White "Raven16"]
[Black "Francesco"]
[WhiteElo "1990"]
[BlackElo "1960"]
[Result "1-0"]
[Round "1"]
1.c4 Ng8f6
2.Nb1c3 g6
3.g3 Bf8g7
4.Bf1g2 O-O
5.Ng1f3 c6
6.O-O d5
7.cxd5 cxd5
8.d4 Nb8c6
9.Nf3e5 e6
10.Bc1d2 Nc6xd4
11.e3 Nd4c6
12.Ne5d3 b6
13.Qd1c2 Qd8e7
14.Nc3xd5 Nf6xd5
15.Qc2xc6 Bc8b7
16.Qc6b5 Rf8d8
17.Rf1d1 Ra8c8
18.Ra1c1 Qe7d6
19.Rc1xc8 Rd8xc8
20.Nd3f4 Nd5c3
21.bxc3 Bb7xg2
22.Kxg2 Bg7xc3
23.Qb5e2 Qd6c6
24.Qe2f3 Qc6a4
25.Rd1c1 { resign }
1-0

[Event "Tourn. n8447"]
[Site "www.chess-mail.com"]
[Date "2016.01.09"]
[Round "1"]
[White "Naujzaid"]
[Black "Cardiff"]
[WhiteElo "1900"]
[BlackElo "1810"]
[Result "0-1"]
[Round "1"]
1.d4 d5
2.c4 e6
3.Nb1c3 Bf8b4
4.e3 Ng8f6
5.Ng1f3 O-O
6.Bf1d3 c5
7.O-O Nb8c6
8.cxd5 exd5
9.dxc5 Bb4xc5
10.a3 d4
11.exd4 Nc6xd4
12.Nf3xd4 Bc5xd4
13.Bc1g5 Bd4xc3
14.bxc3 Qd8b6
15.Ra1b1 Qb6d8
16.Qd1f3 Qd8d5
17.Qf3xd5 Nf6xd5
18.c4 Nd5b6
19.c5 Nb6d5
20.Bd3e4 Nd5c3
21.Be4xb7 Bc8xb7
22.Rb1xb7 f6
23.Bg5e3 Nc3d5
24.Be3d4 Rf8d8
25.c6 a5
26.h3 Ra8c8
27.Rf1c1 Nd5f4
28.Kf1 Rd8xd4
29.c7 { time. }
0-1

[Event "Tourn. n8523"]
[Site "www.chess-mail.com"]
[Date "2016.01.09"]
[Round "1"]
[White "Piekki"]
[Black "Odin"]
[WhiteElo "1840"]
[BlackElo "1840"]
[Result "1-0"]
[Round "1"]
1.e4 e5
2.Ng1f3 Ng8f6
3.Nf3xe5 d6
4.Ne5f3 Nf6xe4
5.Nb1c3 Ne4xc3
6.dxc3 Bc8g4
7.Bf1c4 Nb8c6
8.Bc1e3 Nc6e5
9.Nf3xe5 Bg4e6
10.Bc4xe6 fxe6
11.Qd1h5 g6
12.Ne5xg6 hxg6
13.Qh5xh8 Qd8e7
14.O-O-O O-O-O
15.Rh1e1 Bf8g7
16.Qh8h3 Kb8
17.Be3d4 e5
18.f4 Rd8h8
19.Qh3d3 Rh8xh2
20.fxe5 Qe7g5
21.Bd4e3 Qg5d8
22.Be3f4 Rh2xg2
23.exd6 cxd6
24.Qd3xd6 Qd8xd6
25.Rd1xd6 { resign }
1-0

[Event "Tourn. n8544"]
[Site "www.chess-mail.com"]
[Date "2016.01.09"]
[Round "1"]
[White "Knightjumper"]
[Black "Caspito"]
[WhiteElo "1690"]
[BlackElo "1780"]
[Result "1-0"]
[Round "1"]
1.c4 e5
2.Nb1c3 c6
3.d4 exd4
4.Qd1xd4 Ng8f6
5.e4 Bf8b4
6.e5 Qd8e7
7.Bf1e2 c5
8.Qd4f4 Nf6g8
9.Ng1f3 Nb8c6
10.O-O Qe7e6
11.Nc3d5 Bb4a5
12.Bc1e3 Ng8e7
13.Be3xc5 Ne7xd5
14.cxd5 Qe6xd5
15.Bc5d6 a6
16.Be2c4 { resign }
1-0

[Event "Tourn. n8477"]
[Site "www.chess-mail.com"]
[Date "2016.01.09"]
[Round "1"]
[White "Takfarov"]
[Black "Jhw"]
[WhiteElo "1909"]
[BlackElo "1910"]
[Result "0-1"]
[Round "1"]
1.e4 c5
2.Ng1f3 e6
3.d4 a6
4.Bf1e2 b5
5.d5 Qd8b6
6.Bc1e3 d6
7.O-O Ng8f6
8.dxe6 Bc8xe6
9.e5 Nf6d7
10.exd6 Bf8xd6
11.Nb1d2 Nb8c6
12.Nd2e4 Bd6e5
13.Ne4d6 Ke7
14.Nf3xe5 Nc6xe5
15.Nd6e4 h6
16.b4 Qb6c6
17.Ne4xc5 Be6d5
18.f3 Nd7f6
19.Be3d4 Ne5c4
20.c3 Ra8d8
21.a4 Nc4b2
22.Qd1c2 Nb2c4
23.axb5 axb5
24.Rf1e1 Kd6
25.Ra1a6 Rh8e8
 { time }
0-1

[Event "Tourn. n8501"]
[Site "www.chess-mail.com"]
[Date "2016.01.09"]
[Round "1"]
[White "Bojan"]
[Black "Genius7"]
[WhiteElo "2010"]
[BlackElo "2020"]
[Result "0-1"]
[Round "1"]
1.e4 e5
2.Nb1c3 Ng8f6
3.d4 exd4
4.Qd1xd4 Nb8c6
5.Qd4d1 Bf8b4
6.Bf1d3 d6
7.h3 O-O
8.Bc1d2 Rf8e8
9.Bd2g5 h6
10.Bg5d2 Bb4xc3
11.Bd2xc3 Nc6e5
12.Bd3e2 Bc8e6
13.Ng1f3 Ne5c4
14.Nf3d4 Nc4b6
15.Be2f3 Ra8b8
16.Qd1d2 Nb6c4
17.Qd2c1 Nc4e5
18.Nd4xe6 Re8xe6
19.Bf3e2 Nf6xe4
20.Bc3d4 c5
21.Bd4e3 b6
22.Be3f4 Ne4f6
23.Bf4e3 d5
24.c3 Nf6e4
25.Be3f4 Ne5g6
26.Bf4xb8 Qd8xb8
27.O-O Ng6f4
28.Be2f3 Ne4g5
29.Bf3g4 f5
30.Bg4xf5 Nf4e2
31.Kh1 Ne2xc1
32.Bf5xe6 Ng5xe6
33.Ra1xc1 d4
34.Rf1e1 Kf7
35.cxd4 Ne6xd4
36.Re1e3 Kg8
37.Rc1e1 Qb8d6
38.a3 Nd4c2
39.Re3e6 Qd6f4
40.Re1f1 Qf4c4
{ resign }
0-1

[Event "Tourn. n8488"]
[Site "www.chess-mail.com"]
[Date "2016.01.09"]
[Round "1"]
[White "Avg"]
[Black "Osmundw"]
[WhiteElo "1499"]
[BlackElo "1410"]
[Result "1-0"]
[Round "1"]
1.f4 e5
2.e4 exf4
3.Bf1c4 Ng8e7
4.Ng1f3 d6
5.d4 b5
6.Bc4xb5 c6
7.Bb5c4 Ne7g6
8.O-O d5
9.exd5 cxd5
10.Bc4b5 Bc8d7
11.Qd1e2 Bf8e7
12.Nb1c3 Nb8c6
13.Nc3xd5 Bd7g4
14.Bb5xc6 Kf8
15.Bc6xa8 Qd8xa8
16.Nd5xe7 Qa8d8
17.Ne7xg6 hxg6
18.Bc1xf4 Qd8f6
19.Ra1e1 g5
20.Qe2e8 
1-0

[Event "Tourn. n8476"]
[Site "www.chess-mail.com"]
[Date "2016.01.09"]
[Round "1"]
[White "Neo"]
[Black "Genius9"]
[WhiteElo "1830"]
[BlackElo "1790"]
[Result "0-1"]
[Round "1"]
1.d4 d5
2.e3 Ng8f6
3.g3 c6
4.Bf1g2 Bc8f5
5.Ng1f3 e6
6.Nf3e5 Nb8d7
7.Ne5xd7 Qd8xd7
8.O-O Bf8e7
9.b3 O-O
10.Bc1b2 c5
11.dxc5 Be7xc5
12.Nb1d2 Rf8d8
13.Ra1c1 Ra8c8
14.Nd2b1 Bc5e7
15.Nb1c3 a6
16.Nc3a4 Qd7c7
17.c3 b5
18.c4 dxc4
19.Qd1e1 bxa4
20.bxa4 Qc7b6
21.Bb2xf6 Be7xf6
22.e4 Bf5g6
23.a5 Qb6c5
24.Rc1d1 Rd8d3
25.Rd1xd3 cxd3
26.Qe1b1 Qc5c2
27.Qb1xc2 dxc2
28.Rf1c1 Bf6b2
29.Rc1xc2 Rc8xc2
30.Bg2f3 Bb2d4
31.a4 Rc2xf2
32.Bf3g2 Rf2e2
33.Kf1 Re2f2
34.Kg1 Bg6xe4
35.Bg2xe4 Rf2e2
36.Kf1 Re2xe4
37.Kg2 Bd4c3
38.Kf3 Re4xa4
{ resign }
0-1

[Event "Tourn. n8473"]
[Site "www.chess-mail.com"]
[Date "2016.01.09"]
[Round "1"]
[White "Norlavuaram"]
[Black "Luban"]
[WhiteElo "2310"]
[BlackElo "2050"]
[Result "0-1"]
[Round "1"]
1.e4 c5
2.Ng1f3 d6
3.d4 cxd4
4.Nf3xd4 Ng8f6
5.Nb1c3 a6
6.Bf1e2 e6
7.Bc1e3 Bc8d7
8.O-O Nb8c6
9.Qd1d2 Bf8e7
10.f4 O-O
11.Be2f3 Nc6xd4
12.Qd2xd4 Bd7c6
13.Ra1d1 Qd8c7
14.Kh1 Ra8c8
15.Qd4b6 Be7d8
16.Qb6xc7 Bd8xc7
17.Rf1f2 Rf8d8
18.h3 Bc7a5
19.Be3d4 Ba5xc3
20.Bd4xc3 Nf6xe4
21.Bf3xe4 Bc6xe4
22.Rf2e2 d5
23.Bc3d4 Rc8xc2
24.Re2xc2 Be4xc2
25.Rd1c1 Rd8c8
26.Bd4c3 Bc2e4
27.Bc3d2 Rc8xc1
28.Bd2xc1 Kf8
29.Kg1 Ke7
30.Kf2 Kd6
31.Ke3 Kc5
32.g4 f5
33.Bc1d2 d4
34.Ke2 b5
35.g5 Be4b1
36.a3 Kc4
37.Kd1 Bb1e4
38.Kc1 Kd3
39.Kd1 Be4f3
40.Kc1 g6
41.h4 Ke4
42.Kc2 e5
43.fxe5 Kxe5
44.Kd3 f4
45.Bd2e1 Bf3e4
46.Ke2 f3
47.Kf2 Kd5
48.Be1d2 Kc4
49.Bd2f4 Kb3
50.Bf4e5 d3
51.Ke3 Kc2
52.Be5c3 f2
{ resign }
0-1

[Event "Tourn. n8477"]
[Site "www.chess-mail.com"]
[Date "2016.01.09"]
[Round "1"]
[White "Takfarov"]
[Black "Genius7"]
[WhiteElo "1909"]
[BlackElo "1900"]
[Result "0-1"]
[Round "1"]
1.e4 c5
2.Ng1f3 d6
3.d4 cxd4
4.Nf3xd4 Ng8f6
5.Nb1c3 a6
6.Bf1e2 e5
7.Nd4b3 Bc8e6
8.Bc1e3 Nb8d7
9.O-O Bf8e7
10.h3 O-O
11.f4 b5
12.f5 Be6xb3
13.axb3 Nd7c5
14.Be2f3 b4
15.Nc3d5 Nf6xd5
16.Qd1xd5 Qd8b6
17.Kh2 a5
18.Bf3e2 Qb6c7
 { time }
0-1

[Event "Tourn. n8475"]
[Site "www.chess-mail.com"]
[Date "2016.01.09"]
[Round "1"]
[White "Rons"]
[Black "Seger"]
[WhiteElo "2580"]
[BlackElo "2740"]
[Result "0-1"]
[Round "1"]
1.e4 c5
2.Ng1f3 d6
3.d4 cxd4
4.Nf3xd4 Ng8f6
5.Nb1c3 e6
6.g4 h6
7.h4 e5
8.Bf1b5 Nb8d7
9.Nd4f5 a6
10.Bb5xd7 Qd8xd7
11.Qd1f3 b5
12.g5 hxg5
13.hxg5 Rh8xh1
14.Qf3xh1 Bc8b7
15.Qh1f3 Nf6h7
16.Bc1d2 g6
17.Nf5h6 b4
18.Nc3d5 Bb7xd5
19.exd5 Ra8c8
20.O-O-O Qd7c7
21.Qf3b3 Bf8e7
22.Rd1g1 Qc7c4
23.Rg1h1 Nh7xg5
24.Bd2xb4 Qc4e4
25.Rh1e1 Qe4f4
26.Bb4d2 Qf4xf2
27.Qb3b7 Qf2c5
28.c3 Ng5f3
29.Bd2e3 Qc5c7
30.Qb7xc7 Rc8xc7
31.Re1h1 f5
32.Kc2 Be7d8
33.Rh1h3 Nf3g5
34.Rh3h2 Rc7h7
35.Be3c1 Kf8
36.Rh2g2 Rh7xh6
37.Bc1xg5 Bd8xg5
38.Rg2xg5 Kf7
39.Rg5g2 f4
40.Rg2f2 g5
41.Kd3 g4
42.Ke4 g3
{ resign }
0-1

[Event "Tourn. n8480"]
[Site "www.chess-mail.com"]
[Date "2016.01.09"]
[Round "1"]
[White "Pariolinius"]
[Black "Francesco"]
[WhiteElo "1990"]
[BlackElo "1940"]
[Result "1-0"]
[Round "1"]
1.d4 d5
2.c4 c6
3.cxd5 cxd5
4.Nb1c3 Nb8c6
5.Ng1f3 Bc8g4
6.e3 e6
7.Bf1e2 Bf8d6
8.Nc3b5 Ng8f6
9.Nb5xd6 Qd8xd6
10.O-O O-O
11.Bc1d2 Ra8c8
12.Ra1c1 a6
13.a3 b5
14.Nf3e5 Bg4xe2
15.Qd1xe2 Nc6xe5
16.Bd2b4 Qd6b8
17.Bb4xf8 Kxf8
18.dxe5 Nf6e4
19.f4 Qb8b7
20.Rc1xc8 Qb7xc8
21.Qe2d1 Qc8c5
22.Qd1d4 Qc5xd4
23.exd4 Ne4d2
24.Rf1d1 Nd2c4
25.Rd1b1 Nc4d2
26.Rb1e1 Nd2c4
27.Re1e2 Ke7
28.Kf1 Nc4a5
29.Re2e3 Na5c4
30.Re3e2 Nc4a5
31.b4 Na5c4
32.Re2a2 Kd7
33.Ke2 Ke7
34.Kd3 Kd7
35.a4 Kc6
36.a5 Kd7
37.Ra2c2 Ke7
38.g4 g6
39.h4 h6
40.Ke2 Kd7
41.Kf3 Ke7
42.f5 exf5
43.gxf5 gxf5
44.Kf4 Ke6
45.Rc2g2 Nc4a3
46.h5 Na3c4
47.Rg2g8 Nc4a3
48.Rg8a8 Na3c2
49.Ra8xa6 Ke7
50.Ra6xh6 Nc2xd4
51.a6 Nd4e6
52.Rh6xe6 fxe6
53.a7 { resign }
1-0